00322nam a22001457a 4500003000400000005001700004008004100021020001800062040000700080082001200087100001800099245002700117260002400144300000800168OSt20211005115153.0211005b |||||||| |||| 00| 0 eng d a9781412907118 chu a302/ada aadmas matthew aself and social change alondon bhallc1988 a198